Diseño de un molde de inyección para tapa plástica código No. 24-415 GPI

שמור ב:
מידע ביבליוגרפי
מחבר ראשי: Sánchez Esquivel, Johnny Alberto
פורמט: ספר
שפה:Spanish
יצא לאור: San José, Costa Rica 1993
נושאים:
תגים: הוספת תג
אין תגיות, היה/י הראשונ/ה לתייג את הרשומה!

MARC

LEADER 00000nam a2200000Ia 4500
003 006064
005 20221231144316.0
008 140114s1993 cr a m 000 ||spa d
040 |c cru CEDI 
090 |a TFG 2745 
100 |a Sánchez Esquivel, Johnny Alberto  |9 12086 
245 |a Diseño de un molde de inyección para tapa plástica código No. 24-415 GPI  
260 |c 1993  |a San José, Costa Rica 
300 |a  xxiv, 387 hojas : ilustraciones ; 28 cm.  
500 |a  Proyecto de graduación (licenciatura en ingeniería mecánica)--Universidad de Costa Rica. Facultad de Ingeniería. Escuela de Ingeniería Mecánica 
650 |x MOLDEO DE PLASTICOS  |9 12087 
942 |c TFG 
999 |c 19936  |d 19936